Symbols of church and kingdom : (Record no. 39747)
[ view plain ]
| 000 -LEADER | |
|---|---|
| fixed length control field | 00882cam a2200229Ia 4500 |
| 001 - CONTROL NUMBER | |
| control field | 56906902 |
| 003 - CONTROL NUMBER IDENTIFIER | |
| control field | OSt |
| 005 - DATE AND TIME OF LATEST TRANSACTION | |
| control field | 20160219170528.0 |
| 008 - FIXED-LENGTH DATA ELEMENTS--GENERAL INFORMATION | |
| fixed length control field | 041104s2004 enkb b 001 0 eng |
| 020 ## - INTERNATIONAL STANDARD BOOK NUMBER | |
| International Standard Book Number | 1593331509 |
| 100 1# - MAIN ENTRY--PERSONAL NAME | |
| Personal name | Murray, Robert, |
| Dates associated with a name | 1925- |
| 245 10 - TITLE STATEMENT | |
| Title | Symbols of church and kingdom : |
| Remainder of title | a study in early Syriac tradition / |
| Statement of responsibility, etc | Robert Murray. |
| 250 ## - EDITION STATEMENT | |
| Edition statement | 1st Gorgias Press ed, [rev. and updated] |
| 260 ## - PUBLICATION, DISTRIBUTION, ETC. (IMPRINT) | |
| Place of publication, distribution, etc | Piscataway, NJ : |
| Name of publisher, distributor, etc | Gorgias Press, |
| Date of publication, distribution, etc | 2004. |
| 300 ## - PHYSICAL DESCRIPTION | |
| Extent | xvi, 395 p. : |
| Other physical details | map ; |
| Dimensions | 24 cm. |
| 500 ## - GENERAL NOTE | |
| General note | originally published: Cambridge : Cambridge University Press, 1975. |
| 504 ## - BIBLIOGRAPHY, ETC. NOTE | |
| Bibliography, etc | Includes bibliographical references (p. 364-376) and indexes. |
| 600 00 - SUBJECT ADDED ENTRY--PERSONAL NAME | |
| Personal name | Jesus Christ |
| General subdivision | History of doctrines |
| Chronological subdivision | Early church, ca. 30-600. |
| 650 #0 - SUBJECT ADDED ENTRY--TOPICAL TERM | |
| Topical term or geographic name as entry element | Church |
| General subdivision | History of doctrines |
| Chronological subdivision | Early church, ca. 30-600. |
| 650 #0 - SUBJECT ADDED ENTRY--TOPICAL TERM | |
| Topical term or geographic name as entry element | Fathers of the church, Syriac. |
| 942 ## - ADDED ENTRY ELEMENTS (KOHA) | |
| Source of classification or shelving scheme | Library of Congress Classification |
| Item type | Books |
| Withdrawn status | Lost status | Source of classification or shelving scheme | Damaged status | Not for loan | Home library | Current library | Shelving location | Date acquired | Source of acquisition | Cost, normal purchase price | Inventory number | Total Checkouts | Full call number | Barcode | Date last seen | Price effective from | Koha item type |
|---|---|---|---|---|---|---|---|---|---|---|---|---|---|---|---|---|---|
| Library of Congress Classification | BSOP Library | BSOP Library | Reference | 02/19/2016 | Alibris | 4614.46 | 37646 | BV598 M96 2004 | 00047646 | 02/19/2016 | 02/19/2016 | Books |
